| 000 | 00517nam a22002057a 4500 | ||
|---|---|---|---|
| 003 | OSt | ||
| 005 | 20140310183059.0 | ||
| 008 | 130301t xxu||||| |||| 00| 0 eng d | ||
| 020 | _a971-23-2987-9 | ||
| 050 |
_aPE 1112 _b.C355 2001 |
||
| 082 |
_aFIL 428.2 _bEn3 2001 |
||
| 245 |
_aEnglish plus / _cCasuyon, Arminda G. |
||
| 260 |
_aManila _bRex Book Store _c2001 |
||
| 300 |
_a 228 p. _c22 cm |
||
| 521 | _acollege students | ||
| 526 | _c1210L-1700L | ||
| 541 | _j1 | ||
| 562 | _e1 | ||
| 942 |
_2lcc _cBK _kFIL |
||
| 999 |
_c18720 _d18720 |
||